Statistics for Superhero Picture Quiz - Easy

Click here to take the quiz!

General Stats

  • This quiz has been taken 89 times
  • The average score is 11 of 12

Answer Stats

Answer% Correct
Spiderman
100%
Batman
99%
Superman
99%
Hulk
97%
Captain America
96%
Wonder Woman
95%
Iron Man
93%
Flash
91%
Thor
91%
Deadpool
88%
Robin
82%
Star Lord
72%

Score Distribution

Percentile by Number Answered

Percent of People with Each Score

Your Score History

You have not taken this quiz